La ciudadanía negada: políticas de exclusión en la educación y el trabajo /
Se parte de la hipótesis de que los cambios sociales actuales han desarrollado nuevos modos de regulación, los cuales se construyen y alimentan en nuevos espacios sociales..Se hace una síntesis histórica del caso de Argentina en donde se demuestra que la educación se fue desfigurando en un medio de...
Shranjeno v:
| Glavni avtor: | |
|---|---|
| Drugi avtorji: | |
| Format: | Texto |
| Izdano: |
Buenos Aires:
CLACSO. ASDI
|
| Teme: | |
| Oznake: |
Označite
Brez oznak, prvi označite!
|
MARC
| LEADER | 00000 a a2200000 04500 | ||
|---|---|---|---|
| 001 | 18258 | ||
| 003 | |||
| 040 | |a CRAI/IIS |c CRAI/IIS | ||
| 090 | |a 142603 | ||
| 100 | |a Gentili, Pablo | ||
| 245 | |a La ciudadanía negada: políticas de exclusión en la educación y el trabajo / |c Pablo Gentili | ||
| 260 | |a Buenos Aires: |b CLACSO. ASDI | ||
| 300 | |a 275 p | ||
| 520 | |a Se parte de la hipótesis de que los cambios sociales actuales han desarrollado nuevos modos de regulación, los cuales se construyen y alimentan en nuevos espacios sociales..Se hace una síntesis histórica del caso de Argentina en donde se demuestra que la educación se fue desfigurando en un medio de trabajo y subsistencia. Actualmente se encuSe parte de la hipótesis de que los cambios sociales actuales han desarrollado nuevos modos de regulación, los cuales se construyen y alimentan en nuevos espacios sociales..Se hace una síntesis histórica del caso de Argentina en donde se demuestra que la educación se fue desfigurando en un medio de trabajo y subsistencia. Actualmente se encuSe parte de la hipótesis de que los cambios sociales actuales han desarrollado nuevos modos de regulación, los cuales se construyen y alimentan en nuevos espacios sociales..Se hace una síntesis histórica del caso de Argentina en donde se demuestra que la educación se fue desfigurando en un medio de trabajo y subsistencia. Actualmente se encuentra a muchos jóvenes con esta meta pero ya no hay espacios de trabajo en esta disciplina | ||
| 650 | |a MODERNIZACION | ||
| 650 | |a CAMBIO CULTURAL | ||
| 650 | |a CAMBIO SOCIAL | ||
| 650 | |a DOCENTES | ||
| 650 | |a ENSEÑANZA | ||
| 650 | |a SITUACION DE LOS DOCENTES | ||
| 650 | |a ESCASEZ DE DOCENTES | ||
| 650 | |a JUVENTUD | ||
| 650 | |a TRABAJADORES JOVENES | ||
| 650 | |a DESEMPLEO JUVENIL | ||
| 650 | |a DISCRIMINACION | ||
| 700 | |a | ||
| 700 | |a Frigotto, Gaudêncio | ||
| 700 | |a | ||
| 999 | |c 17544 |d 17544 | ||
